| 000 | 01131cam a2200385 4500 | ||
|---|---|---|---|
| 008 | 090401t1995 xxu||||| |||| 00| 0 eng d | ||
| 020 | _a0117531626 | ||
| 035 | _a(Sirsi) u62256 | ||
| 041 | _aeng | ||
| 050 | _a711.554 | ||
| 100 | _aElson, Martin | ||
| 245 | _aPlanning for rural diversification. | ||
| 260 |
_aLondon _bHMSO _c1995 |
||
| 300 | _ax,218p. ; 30cm. | ||
| 350 | _a30 | ||
| 490 |
_aPlanning (for the Natural and Built Environment) _vResearch Programme |
||
| 650 | _aCONSERVATION | ||
| 650 | _aDEVELOPMENT CONTROL | ||
| 650 | _aDEVELOPMENT PLANS | ||
| 650 | _aLOCAL PLANNING AUTHORITIES | ||
| 650 | _aPLANNING POLICY GUIDANCE NOTE 7 | ||
| 650 | _aPPG7 | ||
| 650 | _aRURAL DIVERSIFICATION | ||
| 650 | _aRURAL ECONOMY | ||
| 650 | _aRURAL PLANNING | ||
| 690 | _aPLANNING LAW AND PRACTICE | ||
| 700 | _aMacdonald, Roderick | ||
| 700 | _aSteenberg, Caroline | ||
| 700 | _aBroom, Geoff | ||
| 710 |
_aUnited Kingdom _bDepartment of the Environment _9982 |
||
| 710 |
_aOxford Brookes University _9281 |
||
| 710 |
_aPA Cambridge Economic Consultants _92311 |
||
| 942 | _n0 | ||
| 948 | _c04/03/1997 | ||
| 999 |
_c94385 _d94385 |
||